[Event "Moscow Open Women 2012"]
[Site "Moscow RUS"]
[Date "2012.01.29"]
[Round "2"]
[White "Romanko,M"]
[Black "Shulakova,S"]
[Result "1/2-1/2"]
[WhiteElo "2389"]
[BlackElo "2099"]

1.d4 d5 2.c4 c6 3.Nc3 Nf6 4.e3 e6 5.Nf3 Nbd7 6.Bd3 dxc4 7.Bxc4 b5 8.Bd3 Bb7
9.e4 b4 10.Na4 c5 11.e5 Nd5 12.O-O cxd4 13.Nxd4 Nxe5 14.Bb5+ Nd7 15.Re1 Be7
16.Nc6 Qc7 17.Ne5 Rd8 18.Nxd7 Rxd7 19.Bxd7+ Qxd7 20.b3 Qc6 21.f3 O-O 22.Bb2 Rd8
23.Qc1 h6 24.a3 Bg5 25.Qxc6 Bxc6 26.axb4 Bd2 27.Re5 Nxb4 28.Bc3 Bf4 29.Re2 Nd5
30.Bd4 Bb5 31.Rf2 a6 32.g3 Bb8 33.Bc5 Rc8 34.Rc1 Bxa4 35.bxa4 Nb4 36.Rc3 Be5
37.Rb3 Rxc5 38.Rxb4 a5 39.Rb5 Bd4 40.Kg2 Bxf2 41.Kxf2 Rc2+ 42.Kg1 Ra2 43.Rxa5 g5
44.g4 Kg7 45.Ra7 Kg6 46.a5 Kf6 47.a6 Kg6 48.Ra8 Kf6 49.Ra7 Kg6 50.h3 Kf6
51.Kf1 Kg6 52.Ke1 Rh2 53.Ra8 Kg7 54.Kd1 Rxh3 55.Ke2 Rh2+ 56.Kd3 Rf2 57.Ke4 f5+
58.Ke3 Ra2 59.a7 fxg4 60.fxg4 Ra4 61.Kd3 e5 62.Kd2 Ra3 63.Ke2 Kh7 64.Kf2 e4
65.Kg2 Kg7  1/2-1/2

[Event "Moscow Open 2012 A"]
[Site "Moscow RUS"]
[Date "2012.01.29"]
[Round "2.45"]
[White "Grigoriants,S RUS"]
[Black "Filipenko,A"]
[Result "1-0"]
[WhiteElo "2570"]
[BlackElo "2351"]

1.c4 c6 2.d4 d5 3.Nf3 Nf6 4.Nc3 e6 5.e3 Nbd7 6.Qc2 b6 7.b3 Bb7 8.Be2 Be7
9.O-O O-O 10.Bb2 Qc7 11.Rad1 Rad8 12.Rfe1 Rfe8 13.Bf1 a6 14.g3 Qb8 15.Bg2 c5
16.cxd5 Nxd5 17.Nxd5 Bxd5 18.dxc5 Nxc5 19.Ne5 Bxg2 20.Kxg2 Bf6 21.Nc4 Bxb2
22.Nxb2 Rxd1 23.Rxd1 a5 24.Nc4 Rd8 25.f3 f6 26.Kf2 g6 27.Ke2 Kf7 28.Rxd8 Qxd8
29.Nxa5 h5 30.Nc4 Qc7 31.Qd2 Nd7 32.Qd6 Qxd6 33.Nxd6+ Ke7 34.Nc4 g5 35.b4 g4
36.a4 Kd8 37.f4 Kc7 38.e4 Nb8 39.Kd3 Nc6 40.Kc3 Ne7 41.Ne3 Kc6 42.Kc4 Nc8
43.Kd4 Ne7 44.f5 Kd7 45.fxe6+ Kxe6 46.b5 Kd7 47.Nd5  1-0

[Event "17th HIT Open A"]
[Site "Nova Gorica SLO"]
[Date "2012.01.29"]
[Round "5"]
[White "Franca,Veronika"]
[Black "Vodopivec,V"]
[Result "1-0"]
[WhiteElo "1840"]
[BlackElo "1980"]

1.d4 d5 2.c4 c6 3.Nf3 Nf6 4.Nc3 e6 5.e3 b6 6.Qc2 Be7 7.Bd3 dxc4 8.Bxc4 Bb7
9.O-O O-O 10.e4 h6 11.h3 Na6 12.Bf4 b5 13.Be2 b4 14.Nb1 c5 15.Qa4 Qb6 16.e5 Nd5
17.Bg3 cxd4 18.Nbd2 Nc5 19.Qc2 d3 20.Bxd3 Nxd3 21.Qxd3 Rfd8 22.Qb3 a5 23.Nc4 Qa7
24.Nd6 Ba6 25.Rfc1 Bxd6 26.exd6 f6 27.Qd1 Qf7 28.Rc5 Bb7 29.Nd4 e5 30.Nb5 Rac8
31.Rac1 Rxc5 32.Rxc5 Nb6 33.Rc7 Rd7 34.f3 Na8 35.Rxd7 Qxd7 36.a4 Nb6 37.Bf2 Nxa4
38.Qxa4 Bc6 39.Qa2+ Kf8 40.Nc7 a4 41.Qc4 b3 42.Ne6+ Ke8 43.Nxg7+ Qxg7 44.Qxc6+ Qd7
45.Qxd7+ Kxd7 46.Bc5 Kc6 47.Ba3  1-0

[Event "TCh-HUN 2011-12"]
[Site "Paks HUN"]
[Date "2012.01.29"]
[Round "5"]
[White "Berczes,D"]
[Black "Balazs,G2"]
[Result "1-0"]
[WhiteElo "2557"]
[BlackElo "2435"]

1.d4 d5 2.c4 c6 3.Nc3 Nf6 4.e3 e6 5.Nf3 Nbd7 6.Bd3 dxc4 7.Bxc4 b5 8.Bd3 Bd6
9.O-O O-O 10.Qc2 Bb7 11.e4 e5 12.h3 a6 13.dxe5 Nxe5 14.Nxe5 Bxe5 15.Be3 Re8
16.f4 Bd4 17.Bxd4 Qxd4+ 18.Kh2 h6 19.e5 Nd5 20.Nxd5 cxd5 21.Rad1 Qb6 22.Rf3 d4
23.Rg3 Bd5 24.Qe2 Ra7 25.Bb1 Rc7 26.Qd3 g6 27.Qxd4 Qxd4 28.Rxd4 Bb7 29.Rd6 Kf8
30.Rf6 Ke7 31.f5 gxf5 32.Bxf5 Kf8 33.Re3 Kg7 34.Rg3+ Kf8 35.Re3 Kg7 36.Rb6 h5
37.Rg3+ Kf8 38.e6 Ree7 39.Rd6 fxe6 40.Bxe6 Rg7 41.Rd8+ Ke7 42.Rxg7+ Kxd8
43.Rxc7 Kxc7 44.h4 Kd6 45.Bf7 Kc5 46.Bxh5 Bd5 47.Bg6 Bxa2 48.h5 Bg8 49.h6 Kb4
50.g4 a5 51.g5 a4 52.h7 Bxh7 53.Bxh7 Kb3 54.g6 Kxb2 55.g7  1-0

[Event "34th Tringov Memorial"]
[Site "Plovdiv BUL"]
[Date "2012.01.29"]
[Round "1.17"]
[White "Bratanov,Z"]
[Black "Slavov,H"]
[Result "1-0"]
[WhiteElo "2459"]
[BlackElo "1791"]

1.d4 d5 2.Nf3 Nf6 3.c4 c6 4.Nc3 e6 5.e3 Bd6 6.Bd3 Nbd7 7.e4 dxe4 8.Nxe4 Nxe4
9.Bxe4 Nf6 10.Bc2 Bb4+ 11.Bd2 Qa5 12.O-O Bxd2 13.Nxd2 O-O 14.Qe2 b6 15.Rfd1 Bb7
16.Ne4 Nxe4 17.Qxe4 g6 18.a3 Rab8 19.b4 Qg5 20.c5 Rfd8 21.Qf3 Kg7 22.Be4 Qf6
23.Qg3 b5 24.Qc7 Rdc8 25.Qe5 Rd8 26.f4 Rbc8 27.Kf2 Rd7 28.Ke3 Rcd8 29.a4 a6
30.axb5 axb5 31.Ra7 Qxe5 32.fxe5 Bc8 33.Rxd7 Bxd7 34.Ra1 Be8 35.Ra7 Rc8 36.h4 h5
37.g3 Kh6 38.Bf3 Kg7 39.Bg2 Kh7 40.Ke4 Rd8 41.Ke3 Rc8 42.d5 cxd5 43.Kd4 Rb8
44.Bf1 Kg7 45.Ra6 Kf8 46.c6 Ke7 47.Kc5 Kd8 48.Bxb5 d4 49.Bc4 Ke7 50.Ra7+  1-0

[Event "TCh-HUN 2011-12"]
[Site "Zalaegerszeg HUN"]
[Date "2012.01.29"]
[Round "5"]
[White "Csiszar,Z"]
[Black "Varga,Me"]
[Result "0-1"]
[WhiteElo "2272"]
[BlackElo "2139"]

1.d4 d5 2.c4 c6 3.e3 Nf6 4.Nc3 e6 5.Nf3 Nbd7 6.Qc2 Bd6 7.b3 O-O 8.Be2 b6
9.O-O Bb7 10.Bb2 Qe7 11.Rad1 Rad8 12.h3 a6 13.Rfe1 Rfe8 14.Nd2 e5 15.cxd5 cxd5
16.dxe5 Nxe5 17.Nf3 Nxf3+ 18.Bxf3 d4 19.Na4 Bxf3 20.gxf3 b5 21.Nb6 Qb7 22.Bxd4 Qxf3
23.Bxf6 Qxf6 24.Nd5 Qf3 25.Qc6 Qxh3 26.Nf6+ gxf6 27.Rxd6 Rxd6 28.Qxe8+ Kg7
29.Qe4 Rd2 30.a4 bxa4 31.bxa4 f5 32.Qe5+ Kg6 33.Rb1 Qg4+ 34.Qg3 Qxg3+ 35.fxg3 Kg5
36.Rb4 Re2 37.Kf1 Rxe3 38.Kf2 Re4 39.Rb7 Rxa4 40.Rxf7 h5 41.Rg7+ Kf6 42.Rh7 Kg6
43.Rh8 a5 44.Rg8+ Kf6 45.Rh8 Rb4 46.Rxh5 Ke5 47.Ke2 Rg4 48.Kf3 Rc4 49.Ke2 Rb4
50.Kf3 a4 51.Rh8 Rb3+ 52.Kf2 a3 53.Ra8 Kd4 54.Ra5 Kc3 55.Rxf5 a2 56.Ra5 Kb2  0-1

[Event "Gibraltar Open"]
[Site "Caleta ENG"]
[Date "2012.01.30"]
[Round "7.48"]
[White "Herman,J"]
[Black "Nezad,H"]
[Result "0-1"]
[WhiteElo "2077"]
[BlackElo "2402"]

1.d4 d5 2.c4 c6 3.Nf3 Nf6 4.Nc3 e6 5.e3 Nbd7 6.Bd3 dxc4 7.Bxc4 b5 8.Bd3 a6
9.O-O c5 10.Qe2 Bb7 11.Rd1 Qb8 12.Bc2 Bd6 13.h3 O-O 14.Bd2 Rc8 15.Be1 Bxf3
16.gxf3 cxd4 17.Rxd4 Be5 18.Rdd1 b4 19.Ne4 a5 20.f4 Bxb2 21.Rab1 Ba3 22.Nd6 Rc5
23.Bd3 e5 24.Nb5 e4 25.Nxa3 exd3 26.Qxd3 Qc8 27.Nb5 Nf8 28.f5 Rxf5 29.Nd6 Rg5+
30.Kh2 Qe6 31.e4 Qxa2 32.Nc4 Rc8 33.Rdc1 b3 34.Rb2 Rxc4 35.Rxa2 Rxc1 36.Re2 b2
37.Rxb2 Rxe1 38.f4 Rgg1 39.Rb8 Rh1+ 40.Kg2 Rhg1+ 41.Kh2 Rd1 42.Qa3 Rh1+ 43.Kg3 Rdg1+  0-1

[Event "Gibraltar Open"]
[Site "Caleta ENG"]
[Date "2012.01.30"]
[Round "7.3"]
[White "Sasikiran,K"]
[Black "Gopal,G"]
[Result "1/2-1/2"]
[WhiteElo "2700"]
[BlackElo "2566"]

1.d4 d5 2.c4 c6 3.Nc3 Nf6 4.Nf3 e6 5.e3 Nbd7 6.Qc2 Bd6 7.Bd3 O-O 8.O-O dxc4
9.Bxc4 b5 10.Bd3 Bb7 11.e4 e5 12.Rd1 Qc7 13.h3 a6 14.dxe5 Nxe5 15.Nxe5 Bxe5
16.a4 Rac8 17.Be3 Rfe8 18.Rac1 c5 19.axb5 c4 20.bxa6 cxd3 21.Qxd3 Ba8 22.Nd5 Nxd5
23.Rxc7 Nxc7 24.f3 Bxb2 25.a7 Ne6 26.Qb5 Bf6 27.Kh1 h6 28.Rc1 Rxc1+ 29.Bxc1 Rd8
30.Be3 Nd4 31.Qa6 Nc6 32.f4 Be7 33.Bb6 Re8 34.Qd3 Rf8 35.Qd7 Bb4 36.Kh2 h5
37.e5 h4 38.e6 fxe6 39.Qxe6+ Kh8 40.Qd5 Be1 41.Kg1 Bg3  1/2-1/2

[Event "ch-TUR w 2012"]
[Site "Kemer TUR"]
[Date "2012.01.30"]
[Round "3"]
[White "Sahin,Handenur"]
[Black "Yilmaz,Ez"]
[Result "1-0"]
[WhiteElo "1729"]
[BlackElo "1876"]

1.d4 d5 2.c4 c6 3.Nc3 e6 4.e3 Nf6 5.Nf3 Bb4 6.Qc2 Nbd7 7.Bd3 dxc4 8.Bxc4 b5
9.Bd3 Bb7 10.O-O a6 11.a3 Be7 12.Rd1 Qc7 13.e4 e5 14.Ne2 Rc8 15.dxe5 Nxe5
16.Nxe5 Qxe5 17.Bf4 Qh5 18.Bg3 O-O 19.Nf4 Qh6 20.Qe2 c5 21.e5 Ne8 22.Be4 Bxe4
23.Qxe4 c4 24.Rd7 Bc5 25.Qd5 Bb6 26.Qb7 Qc6 27.Nd5 Bc5 28.Rd1 a5 29.Bh4 Qxb7
30.Rxb7 Kh8 31.Rxb5 h6 32.Rxc5 Rxc5 33.Be7 Rxd5 34.Rxd5 Rg8 35.Rxa5 Nc7 36.Rc5 Ne6
37.Rxc4 Rb8 38.b4 Rb5 39.f4 Rd5 40.a4 Rd2 41.b5 Nd4 42.h3 Kh7 43.b6 Ne2+
44.Kh2 h5 45.b7 Nd4 46.Rxd4  1-0

[Event "Moscow Open 2012 A"]
[Site "Moscow RUS"]
[Date "2012.01.30"]
[Round "3.93"]
[White "Barsamian,E"]
[Black "Bolychevsky,A"]
[Result "1-0"]
[WhiteElo "2261"]
[BlackElo "1882"]

1.d4 d5 2.c4 c6 3.Nc3 Nf6 4.e3 e6 5.Nf3 Nbd7 6.Qc2 Bd6 7.Bd3 O-O 8.O-O dxc4
9.Bxc4 a6 10.a3 b5 11.Bd3 c5 12.Ne4 Qe7 13.dxc5 Bxc5 14.b4 Ba7 15.Bb2 h6
16.Nd4 Bb7 17.Nc6 Bxc6 18.Qxc6 Rfc8 19.Qd6 Qxd6 20.Nxd6 Rc6 21.Ne4 Ng4 22.Rfc1 Rxc1+
23.Rxc1 Ngf6 24.Rc6 Nxe4 25.Bxe4 Rd8 26.g3 Nb6 27.Bd4 Rc8 28.Rxb6 Bxb6 29.Bxb6 Rc3
30.Bb7 Rxa3 31.Ba5 Rd3 32.Bxa6 Rd5 33.e4 Re5 34.f3  1-0

[Event "Moscow Open Women 2012"]
[Site "Moscow RUS"]
[Date "2012.01.30"]
[Round "3.29"]
[White "Romanova,A"]
[Black "Ivakhinova,I"]
[Result "0-1"]
[WhiteElo "1935"]
[BlackElo "2291"]

1.Nf3 d5 2.d4 Nf6 3.c4 c6 4.Nc3 e6 5.e3 Nbd7 6.Bd3 dxc4 7.Bxc4 b5 8.Bd3 Bd6
9.O-O O-O 10.Qc2 Bb7 11.a3 h6 12.Bd2 Qe7 13.Rfc1 Rfc8 14.Be1 a6 15.e4 e5
16.Qe2 exd4 17.Nxd4 g6 18.Bd2 c5 19.Nf3 Kg7 20.Re1 Re8 21.Rad1 b4 22.Na2 a5
23.Bb1 Bc7 24.h3 Ne5 25.Nxe5 Qxe5 26.g3 Qe6 27.Kh2 Nxe4 28.Bxe4 Bxe4 29.Nc1 Qf5
30.Qe3 g5  0-1

[Event "Gibraltar Open"]
[Site "Caleta ENG"]
[Date "2012.01.31"]
[Round "8.77"]
[White "Marley,Andrew S G"]
[Black "Thingstad,E"]
[Result "0-1"]
[WhiteElo "1889"]
[BlackElo "2219"]

1.d4 d5 2.Nf3 Nf6 3.c4 c6 4.e3 e6 5.Nc3 Nbd7 6.Bd3 dxc4 7.Bxc4 b5 8.Bd3 Bb7
9.O-O a6 10.e4 c5 11.d5 Qc7 12.Re1 c4 13.Bc2 Bc5 14.h3 O-O-O 15.Bg5 h6 16.Bh4 g5
17.Nxg5 hxg5 18.Bxg5 Rdg8 19.Bxf6 Qg3  0-1

[Event "Gibraltar Open"]
[Site "Caleta ENG"]
[Date "2012.01.31"]
[Round "8.17"]
[White "Javakhishvili,L"]
[Black "Sargissian,G"]
[Result "1/2-1/2"]
[WhiteElo "2454"]
[BlackElo "2683"]

1.d4 Nf6 2.c4 e6 3.Nf3 d5 4.Nc3 c6 5.e3 Nbd7 6.Qc2 Bd6 7.b3 b6 8.Bb2 Bb7
9.Bd3 O-O 10.O-O Qe7 11.Rfe1 Rad8 12.Rad1 Bb4 13.a3 Bxc3 14.Bxc3 h6 15.cxd5 exd5
16.Bb4 c5 17.dxc5 bxc5 18.Ba5 Rb8 19.Bf5 Rfe8 20.Bc3 Ne4 21.b4 Nxc3 22.Qxc3 Ne5
23.Nxe5 Qxe5 24.Qxe5 Rxe5 25.Bc2 cxb4 26.axb4 Re6 27.b5 Rb6 28.Bd3 Bc8 29.Ra1 Bd7
30.Rxa7 Bxb5 31.Bxb5  1/2-1/2

[Event "ch-TUR w 2012"]
[Site "Kemer TUR"]
[Date "2012.01.31"]
[Round "5"]
[White "Firat,Deniz"]
[Black "Yilmaz,Ez"]
[Result "0-1"]
[WhiteElo "1632"]
[BlackElo "1876"]

1.d4 d5 2.c4 c6 3.Nf3 e6 4.e3 Nf6 5.Nc3 Bd6 6.Bd3 Nbd7 7.O-O O-O 8.e4 dxe4
9.Nxe4 Nxe4 10.Bxe4 f5 11.Bc2 h6 12.Qe2 Nf6 13.a3 a5 14.Bd2 Qe8 15.Bc3 Qh5
16.Rfe1 b5 17.cxb5 cxb5 18.Qxb5 Nd5 19.Bd1 Nf4 20.Ne5 Qg5 21.g3 Nh3+ 22.Kg2 f4
23.Kxh3 f3 24.g4 Be7 25.Bxf3 Rxf3+ 26.Kg2 Rf8 27.Qd3 Bd6 28.Qe3 Bb7+ 29.f3 Qh4
30.Rf1 Bxe5 31.Qxe5 Qxg4+ 32.Qg3 Qf5 33.Rae1 Rf6 34.Re5 Qd3 35.Qh3 Raf8 36.Kg1 Rg6+
37.Kh1 Bxf3+ 38.Rxf3 Rxf3  0-1

[Event "Moscow Open F 2012"]
[Site "Moscow RUS"]
[Date "2012.01.31"]
[Round "4.1"]
[White "Kharitonov,Alexandr"]
[Black "Papin,V"]
[Result "1/2-1/2"]
[WhiteElo "2540"]
[BlackElo "2570"]

1.d4 d5 2.c4 c6 3.Nf3 Nf6 4.Nc3 e6 5.e3 Nbd7 6.Qc2 Bd6 7.b3 O-O 8.Be2 b6
9.O-O Bb7 10.Bb2 Qe7 11.Rfd1 Rac8 12.Rac1 c5 13.cxd5 exd5 14.Qf5 Qe6 15.Qxe6 fxe6  1/2-1/2

[Event "Moscow Open Women 2012"]
[Site "Moscow RUS"]
[Date "2012.01.31"]
[Round "4.21"]
[White "Gubernatorova,L"]
[Black "Kostitsina,L"]
[Result "0-1"]
[WhiteElo "2284"]
[BlackElo "2043"]

1.d4 d5 2.c4 c6 3.Nf3 Nf6 4.Nc3 e6 5.e3 Nbd7 6.Bd3 dxc4 7.Bxc4 b5 8.Bd3 Bb7
9.e4 b4 10.Na4 c5 11.e5 Nd5 12.Nxc5 Nxc5 13.dxc5 Bxc5 14.O-O h6 15.Qe2 Qb6
16.Bd2 g6 17.Rac1 Rc8 18.Rc2 Kf8 19.h4 Be7 20.Rxc8+ Bxc8 21.Qe4 Ba6 22.Ne1 Bb7
23.Qg4 h5 24.Qe4 b3 25.Qa4 bxa2 26.Qxa2 Bxh4 27.Nf3 Be7 28.Ba5 Qc5 29.b4 Qc3
30.Be4 Nxb4 31.Qb1 Bxe4 32.Qxe4 Qc6 33.Qd4 Na6 34.Qxa7 Bc5 35.Rc1 Qb5 36.Bb4 Qxb4
37.Qxa6 Kg7 38.Qc6 Ba7 39.Ng5 Bxf2+ 40.Kf1 Be3 41.Nf3 Bxc1 42.Qxc1 Rb8  0-1

[Event "Moscow Open 2012 A"]
[Site "Moscow RUS"]
[Date "2012.01.31"]
[Round "4.75"]
[White "Faizrakhmanov,Ramil"]
[Black "Egorov,D1"]
[Result "1/2-1/2"]
[WhiteElo "2190"]
[BlackElo "2348"]

1.d4 Nf6 2.c4 c6 3.Nf3 d5 4.e3 e6 5.Nc3 Nbd7 6.Qc2 Bd6 7.b3 O-O 8.Bb2 e5
9.cxd5 cxd5 10.dxe5 Nxe5 11.Be2 Bg4 12.Nxe5 Bxe5 13.Bxg4 Nxg4 14.h3 Nf6 15.O-O Rc8
16.Qd3 Qa5 17.Na4 Bxb2 18.Nxb2 Rc3 19.Qd4 Rfc8 20.Nd3 Rc2 21.Nb4 R2c5 22.Nd3 Rc2
23.Nb4 R2c5 24.Rfd1 Qa3 25.Nd3 Rc2 26.Nf4 R2c5 27.Qe5 Qa5 28.Kh2 h6 29.Rd4 Qc7
30.Qxc7 R8xc7 31.Rad1 Rc2 32.R1d2 Rxd2 33.Rxd2 Rc5 34.b4 Rc4 35.a3 Rc3 36.Nxd5 Rxa3
37.Nxf6+ gxf6 38.Rd8+ Kg7 39.Rd7 b6 40.g4 a5 41.Rb7 axb4 42.Rxb6 Rb3 43.Kg3 Rb1
44.h4 b3 45.h5 Rb2 46.Kf3 Rb1 47.Ke4 Rb2 48.f4 Rg2 49.Kf3 Rb2 50.Kg3 Rb1
51.Kf3 b2 52.Ke4 Rg1 53.Rxb2 Rxg4 54.Kf5 Rg1 55.e4 Rg3 56.Rh2 Rg1 57.Rh4 Rg2
58.Rg4+ Rxg4 59.Kxg4 Kf8 60.Kf3 Ke7 61.Ke3 Kd6 62.Kd4 Kc6 63.e5 Kd7 64.Kd5 Ke7
65.Ke4 Ke6 66.f5+ Ke7 67.exf6+ Kxf6 68.Kf4 Ke7 69.Ke5 f6+ 70.Kd5 Kd7  1/2-1/2

[Event "Moscow Open Women 2012"]
[Site "Moscow RUS"]
[Date "2012.01.31"]
[Round "4.18"]
[White "Savina,A"]
[Black "Trapeznikova,D"]
[Result "1-0"]
[WhiteElo "2337"]
[BlackElo "2088"]

1.d4 d5 2.c4 e6 3.Nc3 c6 4.e3 Nf6 5.Nf3 Nbd7 6.Qc2 b6 7.Bd3 Bb7 8.O-O Be7
9.Rd1 O-O 10.e4 dxe4 11.Nxe4 Nxe4 12.Bxe4 Nf6 13.Bd3 Qc7 14.c5 Rfd8 15.Bg5 h6
16.Bh4 bxc5 17.dxc5 Rd5 18.b4 Rad8 19.Bc4 Rxd1+ 20.Rxd1 Nd5 21.Bg3 Qc8 22.Qa4 Qa8
23.h3 a5 24.bxa5 Bxc5 25.a3 Re8 26.Bxd5 exd5 27.Qc2 Qa6 28.Qxc5 Qe2 29.Ne5  1-0

[Event "Gibraltar Open"]
[Site "Caleta ENG"]
[Date "2012.02.01"]
[Round "9.15"]
[White "Gustafsson,J"]
[Black "Kuipers,S"]
[Result "1-0"]
[WhiteElo "2643"]
[BlackElo "2391"]

1.d4 d5 2.c4 c6 3.Nc3 Nf6 4.e3 e6 5.Nf3 Nbd7 6.Qc2 Bd6 7.Bd3 O-O 8.O-O dxc4
9.Bxc4 a6 10.Rd1 b5 11.Bd3 Bb7 12.Ng5 h6 13.Nge4 Be7 14.a3 a5 15.Bd2 Qb6
16.Nxf6+ Nxf6 17.Rab1 c5 18.dxc5 Qc6 19.Bf1 Qxc5 20.Bxb5 Rac8 21.Qa4 Rfd8
22.Be1 Bd6 23.Qh4 Qf5 24.Be2 Qc2 25.Bd3 Qb3 26.Rd2 Be7 27.Bc2 Qb6 28.Rxd8+ Rxd8
29.Qa4 Bc6 30.Qc4 Qb7 31.e4 Ng4 32.Qe2 Ne5 33.b4 axb4 34.axb4 Rd4 35.b5 Be8
36.Nd1 Rd8 37.Bc3 Bd6 38.Ne3 Rc8 39.Qd2 Bb8 40.b6 Bc6 41.Qd4 Qe7 42.Qb4 Qxb4
43.Bxb4 Bb7 44.Rd1 Nc4 45.Nxc4 Rxc4 46.Rd8+ Kh7 47.Rxb8 Rxc2 48.f3 Rb2 49.Bc5 Ba6
50.Ra8 Bd3 51.Ra7 f5 52.b7 f4 53.h4  1-0

[Event "Gibraltar Open"]
[Site "Caleta ENG"]
[Date "2012.02.01"]
[Round "9.29"]
[White "Al Sayed,Mohamad"]
[Black "Lund,E"]
[Result "1-0"]
[WhiteElo "2524"]
[BlackElo "2414"]

1.d4 d5 2.c4 c6 3.Nc3 e6 4.e3 Nf6 5.Nf3 Nbd7 6.Qc2 Bd6 7.Bd3 dxc4 8.Bxc4 b5
9.Bd3 Bb7 10.a4 b4 11.Ne4 Nxe4 12.Bxe4 Rc8 13.Nd2 Ba6 14.Bd3 Bxd3 15.Qxd3 O-O
16.Nc4 Nb6 17.Nxd6 Qxd6 18.a5 Nd7 19.Qa6 e5 20.O-O Rc7 21.Qc4 c5 22.d5 e4
23.Qxe4 Nf6 24.Qc4 Qxd5 25.Qxd5 Nxd5 26.e4 Nf6 27.f3 c4 28.Ra4 b3 29.Bf4 Rc6
30.Rd1 a6 31.Rb4 Nh5 32.Be3 f5 33.exf5 Rxf5 34.Rb6 Rg6 35.Rd7 Rxf3 36.Rxg6 Rxe3
37.Rxa6 h6 38.Kf2 Re5 39.Raa7 Rb5 40.Rdb7 Rf5+ 41.Ke3 Rg5 42.g3 Nf6 43.a6 Ng4+
44.Kd4 Ne5 45.Kc3  1-0

[Event "ch-TUR w 2012"]
[Site "Kemer TUR"]
[Date "2012.02.01"]
[Round "7"]
[White "Firat,Deniz"]
[Black "Yanik,E"]
[Result "0-1"]
[WhiteElo "1632"]
[BlackElo "1972"]

1.d4 d5 2.c4 e6 3.Nf3 Nf6 4.Nc3 c6 5.e3 Bd6 6.Bd3 dxc4 7.Bxc4 O-O 8.O-O b5
9.Bd3 Bb7 10.Qc2 Nbd7 11.h3 a6 12.Ng5 h6 13.Nge4 Be7 14.a4 Rc8 15.Nxf6+ Nxf6
16.Ne4 Nxe4 17.Bxe4 Qd7 18.Rd1 Rfd8 19.Bd2 Bd6 20.b4 Qe7 21.Qb2 e5 22.Bf3 Re8
23.Rdc1 e4 24.Be2 Qg5 25.Kh1 Qh4 26.Be1 Qg5 27.Qc2 Rcd8 28.Bd2 Re6 29.Rg1 Rg6
30.Qxe4 Re6 31.Qc2 Qh4 32.Be1 Bxb4 33.Bxb4 c5 34.Kh2 cxb4 35.Raf1 bxa4 36.Qxa4 Qe7
37.Rb1 Rb6 38.Rgc1 Qd6+ 39.Kg1 Qg6 40.Bf1 Bc8 41.Kh1 Qf6 42.Kg1 Qd6 43.Be2 Bf5
44.Rb2 Be4 45.Bf1 Rdb8 46.Rc5 Bc6 47.Qa2 Qg6 48.Ra5 Bb7 49.Qb3 Bc8 50.Kh1 Rc6
51.Bd3 Rc1+ 52.Kh2 Qd6+ 53.g3 Bb7 54.d5 h5 55.Qxb4 Qc7 56.Bxa6 h4 57.Bxb7 hxg3+
58.fxg3 Rc2+ 59.Rxc2 Qxc2+ 60.Kg1 Qd1+ 61.Kf2 Qc2+ 62.Kf3 Qd1+ 63.Kf4 Qf1+
64.Kg4 Qe2+ 65.Kf4 Qf2+ 66.Kg4 Qe2+ 67.Kf5 Re8 68.Qf4 g6+ 69.Kf6 Qh5 70.Qg4 Qe5+  0-1

[Event "Moscow Open 2012 A"]
[Site "Moscow RUS"]
[Date "2012.02.01"]
[Round "5.40"]
[White "Kovalenko,I"]
[Black "Mokshanov,A"]
[Result "0-1"]
[WhiteElo "2587"]
[BlackElo "2385"]

1.d4 d5 2.c4 c6 3.Nf3 Nf6 4.Nc3 e6 5.e3 Nbd7 6.Qc2 Bd6 7.Bd3 dxc4 8.Bxc4 b5
9.Be2 Bb7 10.O-O a6 11.e4 e5 12.Rd1 Qc7 13.dxe5 Nxe5 14.Nd4 O-O-O 15.h3 Ng6
16.Nf5 Bh2+ 17.Kh1 Rxd1+ 18.Bxd1 Be5 19.Be3 c5 20.Bf3 Rd8 21.Rc1 Nf4 22.Nxg7 Nd3
23.Rd1 c4 24.Nf5 Bxc3 25.bxc3 Bxe4 26.Bxe4 Nxe4 27.Nd4 f5 28.f3 f4 29.Bg1 Ng3+
30.Kh2 Re8 31.Bf2 Qe5 32.Rxd3 cxd3 33.Qxd3 Qe1 34.Bg1 Re3  0-1

[Event "Moscow Open 2012 A"]
[Site "Moscow RUS"]
[Date "2012.02.01"]
[Round "5.18"]
[White "Gavrilov,Al1"]
[Black "Frolyanov,D"]
[Result "0-1"]
[WhiteElo "2498"]
[BlackElo "2555"]

1.d4 d5 2.c4 e6 3.Nc3 c6 4.e3 Nf6 5.Nf3 Nbd7 6.Qc2 Bd6 7.Bd3 O-O 8.O-O dxc4
9.Bxc4 a6 10.Rd1 b5 11.Bd3 Qc7 12.Bd2 c5 13.dxc5 Qxc5 14.Ne4 Qxc2 15.Bxc2 Be7
16.Ba5 Bb7 17.Nxf6+ Nxf6 18.Nd4 g6 19.Bb3 Ne4 20.Nxe6 fxe6 21.Rd7 Bh4 22.Bxe6+ Kh8
23.Rxb7 Bxf2+ 24.Kh1 Bxe3 25.g3 Bd4 26.Rc1 Rae8 27.Bb4 Rf2 28.Bd7 Ng5 29.Bc6 Ree2
30.Bg2 Nf7 31.Rc8+ Kg7 32.Bf8+ Kf6 33.Rc6+ Kg5 34.h4+ Kg4 35.Rd7 Rxg2 36.Rxd4+ Kh3  0-1

[Event "17th HIT Open A"]
[Site "Nova Gorica SLO"]
[Date "2012.02.01"]
[Round "8"]
[White "Stolfa,R"]
[Black "Znidarcic,A"]
[Result "0-1"]
[WhiteElo "1803"]
[BlackElo "2167"]

1.d4 d5 2.c4 c6 3.Nc3 Nf6 4.e3 e6 5.Nf3 Bd6 6.c5 Bc7 7.Bd3 b6 8.cxb6 axb6
9.O-O Nbd7 10.e4 dxe4 11.Nxe4 h6 12.Be3 O-O 13.Nxf6+ Nxf6 14.Qc2 Bb7 15.Ne5 Bxe5
16.dxe5 Nd5 17.Qe2 c5 18.Rfd1 Qh4 19.g3 Qh3 20.f3 f5 21.Bd2 Rad8 22.Qf1 Qh5
23.f4 Ne7 24.Be2 Qe8 25.Bf3 Bd5 26.Be2 Qa4 27.h3 Qd4+ 28.Qf2 Qxb2 29.Be3 Bxa2
30.Rdc1 Rb8 31.Bd1 Qxf2+ 32.Kxf2 Ra8 33.g4 fxg4 34.hxg4 Nd5 35.Bf3 Bb3 36.Rxa8 Rxa8
37.f5 Ra2+ 38.Be2 Nb4 39.Kf1 Bd5 40.Bxc5 bxc5 41.Rxc5 Bg2+ 42.Kxg2 Rxe2+
43.Kf3 Rc2 44.Rb5 Nc6 45.Kf4 Rc4+ 46.Kg3 Re4 47.Rb6 Nxe5 48.Rxe6 Rxg4+ 49.Kh3 Re4
50.Kg3 Kf7  0-1

[Event "Gibraltar Open"]
[Site "Caleta ENG"]
[Date "2012.02.02"]
[Round "10.29"]
[White "Houska,Jo"]
[Black "Zatonskih,A"]
[Result "0-1"]
[WhiteElo "2414"]
[BlackElo "2506"]

1.d4 d5 2.Nf3 Nf6 3.c4 e6 4.Nc3 c6 5.e3 a6 6.b3 Bb4 7.Bd2 O-O 8.Bd3 Nbd7
9.O-O Qe7 10.Qc2 dxc4 11.bxc4 e5 12.Ne4 Bxd2 13.Nxf6+ Qxf6 14.Qxd2 exd4 15.exd4 Rd8
16.Rfe1 Nf8 17.Rab1 Ne6 18.d5 cxd5 19.cxd5 Nf4 20.Be4 g6 21.g3 Nh5 22.Qe3 Rb8
23.Rb6 Rd6 24.Reb1 Rxb6 25.Rxb6 Qd8 26.Qd4 Bh3 27.Nd2 Qd7 28.Bg2 Re8 29.Bxh3 Qxh3
30.Nf3 Qf5 31.Rb3 Nf6 32.d6 Nd7 33.Kg2 b5 34.Rc3 Nf8 35.Rc6 Ne6 36.d7 Qxf3+
37.Kxf3 Nxd4+ 38.Kf4 Re4+ 39.Kxe4 Nxc6 40.Kd5 Nd8 41.Kc5 Kf8 42.Kb6 Ke7 43.Kxa6 b4
44.Kb5 b3 45.axb3 Kxd7 46.Kc5 Ne6+ 47.Kd5 Nc7+ 48.Kc5 Ke6 49.f4 h5 50.b4 Na6+
51.Kb5 Nxb4 52.Kxb4 Kf5 53.Kc5 Kg4 54.Kd6 f5 55.Ke6 Kh3 56.Kf6 Kxh2 57.Kxg6 Kxg3
58.Kxf5 h4  0-1

[Event "Moscow Open 2012 A"]
[Site "Moscow RUS"]
[Date "2012.02.02"]
[Round "6.75"]
[White "Demianjuk,A"]
[Black "Looshnikov,N"]
[Result "0-1"]
[WhiteElo "2313"]
[BlackElo "2497"]

1.d4 d5 2.c4 c6 3.Nc3 Nf6 4.e3 e6 5.Nf3 Nbd7 6.Bd3 dxc4 7.Bxc4 b5 8.Bd3 Bd6
9.O-O O-O 10.Bd2 Bb7 11.Rc1 a6 12.Ne4 Nxe4 13.Bxe4 Rc8 14.b4 f5 15.Bc2 Qe7
16.Rb1 e5 17.e4 fxe4 18.Bg5 Nf6 19.Bxe4 exd4 20.Re1 Qc7 21.Bf5 Rcd8 22.Nxd4 Bxh2+
23.Kh1 c5 24.bxc5 Be5 25.Qb3+ Bd5 26.Ne6 Bxb3 27.Nxc7 Bxa2 28.Be6+ Kh8 29.Bxa2 Bxc7
30.Re7 Nd5 31.Re6 Nf4 32.Rc6 Rd7 33.Rxa6 Nd3 34.Be3 h5 35.Be6 Re7 36.Kg1 Bf4
37.Bd4 Rd8 38.Bf5 Nc1 39.Rxc1 Bxc1 40.g3 Kg8 41.Bg6 Red7 42.Be5 Rd5 43.Bd6 Bb2
44.Ra7 Kh8 45.Bf7 Rd2 46.Bxh5 Bd4 47.Rf7 Rc2 48.Rf5 Kh7 49.g4 Rxf2 50.Rxf2 g6
51.Kf1 Bxf2 52.Kxf2 gxh5 53.gxh5 Re8 54.c6 Re4 55.c7 Rc4 56.Ke3 Kh6 57.Kd3 Kxh5
58.Be5 Kg4 59.Bd6 Kf5 60.Bg3 Ke6 61.Bf4 Kd5 62.Bg3 Rc6 63.Bf4 b4 64.Bd2 b3
65.Bc3 Rxc7 66.Kd2 Ke4 67.Bf6 Rc2+ 68.Kd1 Kd3  0-1

[Event "Moscow Open 2012 A"]
[Site "Moscow RUS"]
[Date "2012.02.02"]
[Round "6.61"]
[White "Gordievsky,D"]
[Black "Toropov,P"]
[Result "1/2-1/2"]
[WhiteElo "2406"]
[BlackElo "2302"]

1.d4 d5 2.c4 c6 3.Nc3 Nf6 4.e3 e6 5.Nf3 Be7 6.Bd3 dxc4 7.Bxc4 c5 8.O-O Nc6
9.Qe2 cxd4 10.Rd1 O-O 11.exd4 Nd5 12.Qe4 Nf6 13.Qe2 Nd5 14.h4 Nxc3 15.bxc3 Bxh4
16.g3 Bf6 17.Kg2 Bd7 18.Bd3 g6 19.Rh1 Ne7 20.Be4 Bc6 21.Bxc6 bxc6 22.g4 c5
23.Bh6 Re8 24.Rh2 cxd4 25.cxd4 Nc6 26.Be3 Qd5 27.Rah1 e5 28.dxe5 Nxe5 29.Rxh7 Nxg4
30.Bd4 Bxd4 31.Qd2 Rad8 32.Qxd4 Qxd4 33.Nxd4 Nf6 34.Rh8+ Kg7 35.Rxe8 Rxe8
36.Rb1 Re7 37.Rb3 Rd7 38.Nc6 Rc7 39.Nd4 Rc4 40.Nf3 Ra4 41.a3 Ra5 42.Nd4 Nd5
43.Kf3 f5 44.Ke2 Kf6 45.Nc6 Ra6 46.Nb4 Nxb4 47.axb4 Rb6 48.Ra3 a6 49.Ra5 g5
50.Kf3 Kg6 51.Kg3 Kf6 52.Kg2 g4 53.f3 Kg5 54.Kg3 Rxb4 55.fxg4 Rb3+ 56.Kf2 Kxg4
57.Rxa6 Rb2+ 58.Kf1 f4 59.Ra3 Kf5 60.Ra5+ Ke4 61.Ra4+ Kf3 62.Ra3+ Kg4 63.Rc3 Rb8
64.Ra3 Rg8 65.Kf2 Rh8 66.Kf1 f3 67.Ra7 Rg8  1/2-1/2

[Event "Moscow Open A 2012"]
[Site "Moscow RUS"]
[Date "2012.02.02"]
[Round "6"]
[White "Aleksandrov,A"]
[Black "Lastin,A"]
[Result "0-1"]
[WhiteElo "2612"]
[BlackElo "2538"]

1.d4 d5 2.c4 c6 3.Nc3 Nf6 4.e3 e6 5.Nf3 Nbd7 6.Qc2 Bd6 7.g4 h6 8.h3 e5 9.Bd2 O-O
10.cxd5 cxd5 11.Nb5 Bb8 12.Rc1 Ne4 13.Bb4 Re8 14.Bg2 Qb6 15.Qa4 a6 16.Nc3 Nxc3
17.bxc3 e4 18.Nd2 Qg6 19.Qb3 Nf6 20.c4 Be6 21.Ba3 h5 22.Qxb7 Ra7 23.Qb1 hxg4
24.cxd5 gxh3 25.Bf1 Bxd5 26.Rxh3 Ng4 27.Rc5 Qf6 28.f4 Bxf4 29.exf4 Qxd4 30.Be2 Qg1+
31.Bf1 Rd7 32.Qc2 Qf2+ 33.Kd1 Bb3  0-1